000 00848nam a2200253Ia 4500
001 20457
003 GE_BSU
008 181216s||||||||xx |||||||||||||| ||und||
020 _a5520008671
040 _cGE_BSU
080 _a811.353.1
100 _aძიძიგური, შოთა
245 _aქართული ენის თავგადასავალი
250 _aმე-2 შევსებული შესწორებული გამოცემა
260 _aთბილისი
260 _bმეცნიერება
260 _c1990
300 _a247 გვ. ; 21 სმ.
541 _h8 ლ.
653 _aქართული ენა
653 _aქართული ენის თავგადასავალი
653 _aქსეროქსი
942 _cBK
999 _c53414
_d53414